LEADER 00946nam0 2200301 450 001 000022741 005 20090209141606.0 010 $a88-150-0661-3 100 $a20090209d1985----km-y0itay50------ba 101 0 $aita 102 $aIT 105 $ay-------001yy 200 1 $aTrasformazioni della banca pubblica$fFabio Merusi 210 $aBologna$cIl Mulino$dc1985 215 $a143 p.$d22 cm 225 2 $aStudi e ricerche$v191 410 0$12001$aStudi e ricerche 500 10$aTrasformazioni della banca pubblica$945864 610 1 $aBanche di diritto pubblico 610 1 $aCasse di risparmio 676 $a332.2$v11$9Istituti bancari specializzati 676 $a332.2$v19$9Istituti bancari specializzati 700 1$aMerusi,$bFabio$0109005 801 0$aIT$bUNIPARTHENOPE$c20090209$gRICA$2UNIMARC 912 $a000022741 951 $a312/56$b5087$cNAVA2 996 $aTrasformazioni della banca pubblica$945864 997 $aUNIPARTHENOPE